000
00225 a2200097 4500
001
18227
100
_a
Thomson, W T
245
_a
Vibration theory & applications
260
_a
_b
George Allen & Unwin
_c
090
_c
13521
_d
13521
942
_a
NUST-CAE
_c
M
_c
3916
999
_c
253300
_d
253300